| 000 | 00773nam a2200157 a 4500 | ||
|---|---|---|---|
| 008 | 220301s2019 ||||||||||||||||| || u | ||
| 050 | _a CBU-PG THESIS/MWA | ||
| 100 | _aMwamba, Bertha | ||
| 245 | 1 | 0 |
_aInvestigating the effect of Total Quality Management implementation on Organisational Productivity at Indeni Petroleum Refinery Limited _cBy Bertha Mwamba |
| 260 |
_aKitwe _bCopperbelt University _c2019 |
||
| 300 | _axii, 89 Pages : illustrations | ||
| 650 | _aINDENI PETROLEUM REFINERY LIMITED | ||
| 650 | _aORGANISATION PRODUCTIVITY - INDENI PETROLEUM REFINERY LIMITED | ||
| 650 | _aTOTAL QUALITY MANAGEMENT AT INDENI ZAMBIA | ||
| 995 |
_FCBU-MAIN LIBRARY (Kitwe) _M1 _UAVAILABLE _WJun 28, 2022 _ZUniversity Collection |
||
| 999 |
_c48173 _d48173 |
||